000 00353nam a2200133Ia 4500
008 230917s9999||||xx |||||||||||||| ||und||
040 _e89843
_aMAIN
041 _aEnglish
082 _a371.8 S77S
100 _aSurender Singh
245 0 _aStudy of adjustment differences among boysand girls students at college level
300 _a51 p.
942 _cTH
999 _c73352
_d73352